Las políticas del Estado hacia los asentamientos populares urbanos. La reproducción de la fuerza de trabajo y las reivindicaciones urbanas
Kaydedildi:
| Yazar: | |
|---|---|
| Materyal Türü: | Metin |
| Baskı/Yayın Bilgisi: |
San José :
|
| Etiketler: |
Etiketle
Etiket eklenmemiş, İlk siz ekleyin!
|
MARC
| LEADER | 00000 a a2200000 04500 | ||
|---|---|---|---|
| 001 | 15810 | ||
| 003 | |||
| 040 | |||
| 090 | |a 015900 | ||
| 100 | |a Lungo Ucles, Mario | ||
| 245 | |a Las políticas del Estado hacia los asentamientos populares urbanos. La reproducción de la fuerza de trabajo y las reivindicaciones urbanas | ||
| 260 | |a San José : | ||
| 300 | |a 61 p. | ||
| 999 | |c 9329 |d 9329 | ||
